| 000 | 00930nam a22003017a 4500 | ||
|---|---|---|---|
| 001 | 2281974 | ||
| 003 | OSt | ||
| 005 | 20210420063922.0 | ||
| 008 | 791012s1980 nyua b 001 0 eng | ||
| 010 | _a 79026471 | ||
| 020 | _a0070163529 | ||
| 040 |
_aeng _cDLC _deng |
||
| 050 | 0 | 0 |
_aRC348 _b.D44 1980 |
| 080 |
_a616.8 _bD-39 |
||
| 082 | 0 | 0 | _a616.8/04/75 |
| 100 | 1 |
_aDeMyer, William, _d1924- |
|
| 245 | 1 | 0 |
_aTechnique of the neurologic examination : _ba programmed text / _cWilliam DeMyer. |
| 250 | _a3d ed. | ||
| 260 |
_aNew York : _bMcGraw-Hill, _cc1980. |
||
| 300 |
_axxvi, 479 p. : _bill. ; _c28 cm. |
||
| 504 | _aIncludes bibliographies and index. | ||
| 650 | 0 | _aNeurologic examination. | |
| 650 | 0 |
_aNeurology _9100 |
|
| 653 | _aნევროლოგია | ||
| 653 | _aნევროლოგიური გასინჯვა | ||
| 906 |
_a7 _bcbc _corignew _d1 _eocip _f19 _gy-gencatlg |
||
| 942 |
_2udc _cBK _e3 |
||
| 999 |
_c488 _d488 |
||